[Event "Challenge"]
[Site "http://www.queenalice.com/game.php?id=1225459"]
[Date "2013.10.17"]
[Round "-"]
[White "hba111"]
[Black "JeanCarloEspiritoSanto"]
[Result "1-0"]
[WhiteElo "2867"]
[BlackElo "1100"]

1. e4 c5 2. Nc3 e5 3. Bc4 Nf6 4. Nf3 d6 5. Ng5 Be6 6. Nxe6 fxe6 7. Bxe6 Nbd7 8.
a4 a6 9. d3 Qe7 10. Nd5 Nxd5 11. exd5 O-O-O 12. Rb1 Kb8 13. Be3 Nf6 14. b4 Ka8
15. O-O h5 16. a5 Ng4 17. b5 Qh4 18. h3 Be7 19. bxa6 bxa6 20. c4 Rb8 21. Qa4 Bg5
22. Qc6+ Ka7 23. Rb6 Rxb6 24. axb6+ Kb8 25. Qc7+ Ka8 26. Qa7# 1-0

[Event "Challenge"]
[Site "http://www.queenalice.com/game.php?id=1225501"]
[Date "2013.10.18"]
[Round "-"]
[White "JeanCarloEspiritoSanto"]
[Black "hba111"]
[Result "0-1"]
[WhiteElo "1100"]
[BlackElo "2869"]

1. e4 c5 2. Nf3 d6 3. Bc4 e6 4. Nc3 a6 5. d4 b5 6. Bd3 cxd4 7. Nxd4 Nf6 8. f4
Bb7 9. a3 Nbd7 10. O-O g6 11. Re1 Bg7 12. Nf3 Ng4 13. h3 Qb6+ 14. Be3 Nxe3 15.
Qd2 Nc4+ 16. Qf2 Qxf2+ 17. Kxf2 Nxb2 18. e5 Bxf3 19. Kxf3 dxe5 20. fxe5 Nxe5+
21. Kg3 Nexd3 22. cxd3 Bxc3 23. Rec1 Be5+ 24. Kg4 Nxd3 25. Rf1 Bxa1 26. Rxa1 Rc8
0-1

[Event "Challenge"]
[Site "http://www.queenalice.com/game.php?id=1234304"]
[Date "2013.11.22"]
[Round "-"]
[White "JeanCarloEspiritoSanto"]
[Black "shogun"]
[Result "1-0"]
[WhiteElo "1100"]
[BlackElo "2528"]

1. d4 Nf6 2. Nf3 e6 3. Nc3 d5 4. Bg5 Nbd7 5. Ne5 Bd6 6. Nxd7 Bxd7 7. e3 h6 8.
Bh4 c5 9. f4 Qb6 10. Rb1 cxd4 11. Bxf6 gxf6 12. exd4 Bxf4 13. Be2 Be3 14. Bf3
Bxd4 15. Qd3 Rc8 16. Kd2 1-0

[Event "Let's Play Chess!"]
[Site "http://www.queenalice.com/game.php?id=1235917"]
[Date "2013.11.28"]
[Round "-"]
[White "kakukei"]
[Black "JeanCarloEspiritoSanto"]
[Result "1-0"]
[WhiteElo "2311"]
[BlackElo "1100"]

1. d4 d5 2. c4 Nf6 3. cxd5 Qxd5 4. Nc3 Qd8 5. Nf3 Nc6 6. d5 Nb8 7. e4 Bd7 8. e5
Ng8 9. Ng5 e6 10. Qf3 f5 11. dxe6 Bc6 12. Qxf5 Qe7 13. Nxh7 Nh6 14. Qg6+ Kd8 15.
Bg5 Na6 16. O-O-O+ Bd7 17. Bb5 c6 18. Rxd7+ Kc8 19. Bxe7 1-0

[Event "AUTO-OPEN-3135"]
[Site "http://www.queenalice.com/game.php?id=1237714"]
[Date "2013.12.5"]
[Round "1"]
[White "JeanCarloEspiritoSanto"]
[Black "fisionboy"]
[Result "0-1"]
[WhiteElo "1061"]
[BlackElo "1995"]

1. e4 e5 2. Nf3 Nc6 3. Bb5 Nf6 4. d3 d6 5. h3 Be7 6. O-O Bd7 7. Nc3 O-O 8. Bg5
a6 9. Ba4 b5 10. Bb3 Rb8 0-1

[Event "AUTO-OPEN-3135"]
[Site "http://www.queenalice.com/game.php?id=1237715"]
[Date "2013.12.5"]
[Round "1"]
[White "fisionboy"]
[Black "JeanCarloEspiritoSanto"]
[Result "1-0"]
[WhiteElo "1997"]
[BlackElo "1061"]

1. e4 c5 2. Nf3 Nc6 3. Bc4 e6 4. d3 a6 5. Be3 d5 6. exd5 exd5 7. Bb3 Bg4 8. Nbd2
Nf6 9. O-O Bd6 10. Re1 O-O 11. Bg5 Nd4 12. c3 Nxf3+ 13. Nxf3 1-0

[Event "AUTO-OPEN-3135"]
[Site "http://www.queenalice.com/game.php?id=1237716"]
[Date "2013.12.5"]
[Round "1"]
[White "JeanCarloEspiritoSanto"]
[Black "sidneyjmg"]
[Result "0-1"]
[WhiteElo "1100"]
[BlackElo "2408"]

1. c4 e5 2. Nc3 Nf6 3. e4 Bc5 4. h3 O-O 5. Nf3 Nc6 6. d3 a6 7. Bg5 h6 8. Bxf6
Qxf6 9. Nd5 Qd8 10. Be2 d6 11. O-O Be6 0-1

[Event "AUTO-OPEN-3135"]
[Site "http://www.queenalice.com/game.php?id=1237717"]
[Date "2013.12.5"]
[Round "1"]
[White "sidneyjmg"]
[Black "JeanCarloEspiritoSanto"]
[Result "1-0"]
[WhiteElo "2407"]
[BlackElo "1100"]

1. e4 Nc6 2. d4 d5 3. e5 g6 4. Nf3 Bg4 5. Bb5 e6 6. Nbd2 a6 7. Bxc6+ bxc6 8. O-O
Be7 9. Nb3 f5 10. Qd3 Bxf3 11. Qxf3 Bg5 12. Qc3 1-0